000 01017nam a2200253 a 4500
001 000022906
005 20200930021852.0
008 101122s1993 ag r 000 0 spa d
020 _a9506942889
040 _aDO-SdBNP
_bspa
_cBNPHU
082 _a070.4
_bC678c
100 1 _aCohn, Victor
_947082
245 1 0 _aCiencia, periodismo y público :
_buna guía para entender el lenguaje de las estadísticas /
_cVictor Cohn ; traducción de Cristina Piña ; prólogo Frederick Mosteller.
260 _aBuenos Aires, (Argentina) :
_bGrupo Editor Latinoamericano,
_c1993.
490 0 _aTemas
534 _aTítulo original en inglés:
_tNews & numbers. A guide to reporting statistical claims and controversies in health and other fields.
650 4 _aPeriodismo
_929
650 4 _aPeriodismo científico
_947083
650 4 _aPeriodismo educativo
_947084
650 4 _aPeriodismo
_xEnseñanza
_947085
700 1 _aPiña, Cristina
_etr.
_947086
700 1 _aMosteller, Frederick
_epról.
_947087
830 0 _aTemas
_99064
999 _c22403
_d22403